Christian Faith Meets Other Faiths (Record no. 10389)

MARC details
000 -LEADER
fixed length control field 00727nam a2200265 a 4500
020 ## - INTERNATIONAL STANDARD BOOK NUMBER
ISBN
082 00 - DEWEY DECIMAL CLASSIFICATION NUMBER
Classification number 291.172
Author Cutter FER
100 ## - MAIN ENTRY--AUTHOR NAME
Author name Fernando S J, Leonard
245 ## - TITLE STATEMENT
Title Christian Faith Meets Other Faiths
Sub title Origen`scontra Celsum and Its Revelance
260 ## - PUBLICATION, DISTRIBUTION, ETC. (IMPRINT)
Place of publication Delhi
Name of publisher ISPCK
Year of publication 1998
300 ## - PHYSICAL DESCRIPTION
Number of Pages 261p
500 ## - GENERAL NOTE
General note includes index and biblioraphy
505 2# - FORMATTED CONTENTS NOTE
Formatted contents note Bibliography and Index.
650 ## - SUBJECT ADDED ENTRY--TOPICAL TERM
Topical Term Interfaith Dialogue
650 ## - SUBJECT ADDED ENTRY--TOPICAL TERM
Topical Term Contra Celsum
650 ## - SUBJECT ADDED ENTRY--TOPICAL TERM
Topical Term Christianity and Other Religions
942 ## - ADDED ENTRY ELEMENTS (KOHA)
Koha item type Books
700 1# -
-- Fernando S J, Leonard
Holdings
Collection code Home library Current library Date acquired Cost, normal purchase price Full call number Accession Number Koha item type
  Henry Martyn Institute Library Henry Martyn Institute Library 11/20/2012 150.00 291.172 FER 019614 Books
                   Copyright © 2026 | Henry Martyn Institute | Hyderabad | TS-500052 | INDIA | Implemented by hmi.edu.in
Hit-Count:

Powered by Koha